|
|
|
|
| LEADER |
00761nam a2200217 i 4500 |
| 001 |
c000243312 |
| 003 |
CARM |
| 005 |
00000000000000.0 |
| 008 |
840308s1970 nyu 0 eng d |
| 019 |
1 |
|
|a 214797
|5 LACONCORD2021
|
| 035 |
|
|
|a (OCoLC)56847
|5 LACONCORD2021
|
| 082 |
0 |
4 |
|a 301.4516872073
|
| 100 |
1 |
|
|a Steiner, Stan.
|
| 245 |
1 |
3 |
|a La raza :
|b the Mexican Americans.
|
| 260 |
|
|
|a New York :
|b Harper,
|c [1970].
|
| 300 |
|
|
|a 418 p. :
|b illus.
|
| 504 |
|
|
|a Bibliography: p.[393]-406.
|
| 650 |
|
0 |
|a Mexicans
|z United States.
|
| 852 |
8 |
|
|b CARM
|h A2:AQ36B0
|i B07551
|p 0320434
|f BK
|
| 999 |
f |
f |
|i 40d93bc2-bb28-54d6-b3c1-05cf641c9c30
|s 09414413-19ef-5d01-80d4-83d655afdf58
|
| 952 |
f |
f |
|p Can circulate
|a CAVAL
|b CAVAL
|c CAVAL
|d CARM 1 Store
|e B07551
|f A2:AQ36B0
|h Other scheme
|i book
|m 0320434
|